| 000 | 01395naa a2200313 a 4500 | ||
|---|---|---|---|
| 999 |
_c323595 _d323595 |
||
| 003 | BLK | ||
| 005 | 20250510120813.0 | ||
| 008 | 180807b bul||||| |||| 00| 0 bul d | ||
| 020 | _a978-619-199-241-6 | ||
| 020 | _a3800083822127 | ||
| 040 | _aBLK | ||
| 041 |
_aBUL _cBUL |
||
| 080 |
_aИзточници на енергия _b620.91 _z620.91:087.5 |
||
| 100 |
_aДжеймс, Алис _eпърви автор _91299 |
||
| 139 |
_aДжеймс, Алис _bД 50 |
||
| 245 |
_aЕнергията _bРазгледайте отвътре! : енциклопедия с капачета _cАлис Джеймс ; ил. Питър Алън ; прев. Антон Татаров |
||
| 260 |
_aСофия _bФют _c2018 _f(отпеч. в Китай) |
||
| 300 |
_a16 с. _c28 см |
||
| 380 | _aDN | ||
| 500 | _aКор. опис. - Ориг. загл.: Energy / Alice James. - Кн. отпеч. на ламиниран картон | ||
| 650 | 0 |
_9307329 _aЕнергия - енциклопедии |
|
| 653 | 7 |
_9186314 _aенергийни ресурси |
|
| 653 | 7 |
_9184826 _aдетска литература |
|
| 700 |
_9599 _aСмит, Питър Алън _eил. |
||
| 700 |
_9382674 _aТатаров, Антон Златаров _eпрев. от англ. |
||
| 852 |
_bД _c 62/Д 50 |
||
| 942 |
_cKNG _2udc _n0 _028 _s1 |
||
| 944 |
_aED _c2021-11-12 _k30564 _lАнна Гръцманова |
||